00275nam a2200121Ia 45000030006000000080041000060400015000471000019000622450034000812600009001155460012001240050017001360STCL150530s9999 xx 000 0 und d aSTCLcSTCL aBertolt Brecht aThreepenny opera vol-2 part-2 c1979 aEnglish20220125171007.0